UBT Library

ADVANCES ENGINEERING MATHEMATICS (Record no. 14873)

000 -LEADER
fixed length control field 00307nam a22001337a 4500
008 - FIXED-LENGTH DATA ELEMENTS--GENERAL INFORMATION
fixed length control field 170529b xxu||||| |||| 00| 0 eng d
020 ## - INTERNATIONAL STANDARD BOOK NUMBER
International Standard Book Number 9781256462644
041 ## - LANGUAGE CODE
Language code of text/sound track or separate title eng
080 ## - UNIVERSAL DECIMAL CLASSIFICATION NUMBER
Universal Decimal Classification number 62
100 ## - Rafti
Rafti 25
101 ## - Shkurtesa
Shkurtesa IM
245 ## - TITLE STATEMENT
Title ADVANCES ENGINEERING MATHEMATICS
Statement of responsibility, etc GREENBERG.M.D
942 ## - ADDED ENTRY ELEMENTS (KOHA)
Source of classification or shelving scheme
Item type Books
Holdings
Withdrawn status Lost status Damaged status Not for loan Date acquired Total Checkouts Date last seen Price effective from Koha item type
        05/29/2017   05/29/2017 05/29/2017 Books
UBT Library © 2015-2024. All rights reserved University Education for Business and Technology